| 000 | 00784nam a2200265 4500 | ||
|---|---|---|---|
| 003 | OSt | ||
| 005 | 20260601171002.0 | ||
| 008 | 260508b1977\\\\|||a||||\||||\00|\0\spa\d | ||
| 020 | _a8425206898 | ||
| 040 |
_aICI _bspa _cICI |
||
| 050 | 0 |
_aHM495 _bB6818 |
|
| 100 | 1 |
_aGroz, Gerge _931637 |
|
| 245 | 1 | _aLos rostros de la clase dominante ¡Ya Ajustaremos Cuentas! | |
| 264 |
_bGustavo Gili Barcelona _c1977 _aEspaña |
||
| 300 | _a156 páginas | ||
| 336 |
_atexto _2rdacontent |
||
| 337 |
_asin medio _2rdamedia |
||
| 338 |
_avolumen _2rdacarrier |
||
| 650 |
_aClases sociales _927611 |
||
| 650 |
_aSociología _919386 |
||
| 650 |
_aPoder (Ciencias sociales) _931638 |
||
| 650 |
_aElite (Ciencias sociales) _931639 |
||
| 650 |
_aEstratificación social _931640 |
||
| 942 |
_2lcc _cB _n1 |
||
| 999 |
_c20126 _d20126 |
||